[Event "22. Copenhagen Open  (Politiken Cup)"]
[Site "Copenhagen"]
[Date "2000.07.18"]
[Round "2"]
[White "Greisen, Flemming Dahl"]
[Black "Nielsen, Anders Bodholt"]
[Result "0-1"]
[WhiteElo "1488"]
[BlackElo "2055"]
[PlyCount "86"]
[EventDate "2000.07.17"]
[EventType "swiss"]
[EventRounds "11"]
[EventCountry "DEN"]
[SourceDate "2004.01.01"]

1. d4 f5 2. Nf3 Nf6 3. e3 e6 4. Bd3 b6 5. b3 Bb7 6. Bb2 Be7 7. Nbd2 O-O 8. Qe2
Ne4 9. O-O-O a5 10. a3 c5 11. Bb5 Qc7 12. Nc4 d5 13. Nce5 Nd6 14. dxc5 Nxb5 15.
Nd4 Nxd4 16. exd4 bxc5 17. dxc5 Bf6 18. Qe3 Na6 19. Nd3 Bxb2+ 20. Kxb2 Rfe8 21.
f4 Rac8 22. b4 Qd7 23. Ne5 Qb5 24. Qd3 Rxc5 25. Qxb5 Rxb5 26. c3 Rb6 27. Nd7
Rd6 28. Ne5 Red8 29. Rd4 Nb8 30. Re1 Nc6 31. Nxc6 Bxc6 32. Re5 Bb5 33. Kc2 a4
34. Re3 Kf7 35. h3 Re8 36. Re5 Kf6 37. g4 g5 38. gxf5 exf5 39. Rxe8 Bxe8 40.
fxg5+ Ke5 41. Kd2 f4 42. Ke2 Bb5+ 43. Kf3 Rc6 0-1

[Event "22. Copenhagen Open  (Politiken Cup)"]
[Site "Copenhagen"]
[Date "2000.07.18"]
[Round "2"]
[White "Grubert, Christian"]
[Black "Al Saad, Mofid"]
[Result "1-0"]
[WhiteElo "2060"]
[BlackElo "1496"]
[PlyCount "93"]
[EventDate "2000.07.17"]
[EventType "swiss"]
[EventRounds "11"]
[EventCountry "DEN"]
[SourceDate "2004.01.01"]

1. e4 c5 2. Nc3 d6 3. f4 Nc6 4. Bb5 Bd7 5. Nf3 g6 6. d4 cxd4 7. Bxc6 bxc6 8.
Qxd4 Nf6 9. e5 c5 10. Qd3 Bf5 11. Qe2 Nh5 12. Be3 Be6 13. Ng5 Qd7 14. Nxe6 fxe6
15. O-O-O d5 16. g4 Rb8 17. gxh5 d4 18. Qg2 Qb7 19. Qxb7 Rxb7 20. Bxd4 cxd4 21.
Rxd4 gxh5 22. Ne4 Bh6 23. Nc5 Rb6 24. Rhd1 Kf7 25. Kb1 Rhb8 26. b3 Rc8 27. Nd3
a5 28. Rg1 Rc3 29. Rg3 Rbc6 30. Ne1 R6c5 31. Kb2 Rxg3 32. hxg3 Bg7 33. Nf3 h6
34. c4 Rc7 35. a3 Rb7 36. Kc3 Kg6 37. Nh4+ Kf7 38. b4 axb4+ 39. axb4 Ra7 40.
Kb2 Ra4 41. c5 Ke8 42. Kb3 Ra1 43. Kc4 Rc1+ 44. Kb5 Rc3 45. c6 Rxg3 46. c7 Rc3
47. Rd8+ 1-0

[Event "22. Copenhagen Open  (Politiken Cup)"]
[Site "Copenhagen"]
[Date "2000.07.18"]
[Round "2"]
[White "Hansen, Lars Bo"]
[Black "Manley, Christian"]
[Result "1-0"]
[WhiteElo "2562"]
[BlackElo "1204"]
[PlyCount "59"]
[EventDate "2000.07.17"]
[EventType "swiss"]
[EventRounds "11"]
[EventCountry "DEN"]
[SourceDate "2004.01.01"]

1. Nf3 d5 2. g3 c5 3. Bg2 Nc6 4. d4 Nf6 5. O-O e6 6. c4 Be7 7. cxd5 Nxd5 8. Nc3
Nf6 9. dxc5 Qxd1 10. Rxd1 Bxc5 11. Bg5 Be7 12. Rac1 O-O 13. Ne1 Ne5 14. Nd3 Ng6
15. Be3 a6 16. Na4 Rb8 17. Ba7 Ra8 18. Nb6 Rxa7 19. Nxc8 Ra8 20. Bxb7 Rb8 21.
Nxe7+ Nxe7 22. Bxa6 Ned5 23. Bc4 Nb4 24. Nxb4 Rxb4 25. b3 g6 26. Rd6 Ra8 27.
Ra6 Rc8 28. Rxe6 fxe6 29. Bxe6+ Kg7 30. Rxc8 1-0

[Event "22. Copenhagen Open  (Politiken Cup)"]
[Site "Copenhagen"]
[Date "2000.07.18"]
[Round "2"]
[White "Hau, Helge"]
[Black "Jorgensen, Arne Bjorn"]
[Result "0-1"]
[WhiteElo "1427"]
[BlackElo "2006"]
[PlyCount "112"]
[EventDate "2000.07.17"]
[EventType "swiss"]
[EventRounds "11"]
[EventCountry "DEN"]
[SourceDate "2004.01.01"]

1. f4 d5 2. Nf3 Nf6 3. b3 c5 4. e3 Bg4 5. Be2 Nc6 6. O-O e6 7. Bb2 Be7 8. Ne5
Bxe2 9. Qxe2 Rc8 10. a3 O-O 11. d3 d4 12. Nd2 dxe3 13. Qxe3 Nd4 14. Rac1 Nd5
15. Qe1 b5 16. c4 bxc4 17. bxc4 Nf6 18. Bc3 Qc7 19. Ndf3 Nxf3+ 20. Rxf3 Rb8 21.
a4 Rb3 22. h3 Rfb8 23. Kh2 Qb7 24. Qd1 Nd7 25. Rg3 Nf6 26. Ng4 Nxg4+ 27. Qxg4
g6 28. Be5 Rd8 29. Qe2 Qd7 30. Bc3 Bd6 31. Rf3 Qxa4 32. Qf2 Qd7 33. Qh4 Be7 34.
Qh6 Bf8 35. Qg5 Bg7 36. Bxg7 Kxg7 37. Qxc5 Rxd3 38. Rxd3 Qxd3 39. Qxa7 Qd2 40.
Qa1+ Kg8 41. Rf1 Rc8 42. Qa6 Rc7 43. Qa8+ Kg7 44. Qe4 Qc3 45. Qe5+ Qxe5 46.
fxe5 Rxc4 47. Re1 h5 48. Kg3 g5 49. Re3 Kg6 50. Kf3 Kf5 51. g3 g4+ 52. hxg4+
hxg4+ 53. Ke2 Re4 54. Kd3 Rxe3+ 55. Kxe3 Kxe5 56. Kd3 f5 0-1

[Event "22. Copenhagen Open  (Politiken Cup)"]
[Site "Copenhagen"]
[Date "2000.07.18"]
[Round "2"]
[White "Haugsdal, Arn Tore"]
[Black "Thomsen, Heinrich Kirch"]
[Result "1-0"]
[WhiteElo "2007"]
[BlackElo "1432"]
[PlyCount "49"]
[EventDate "2000.07.17"]
[EventType "swiss"]
[EventRounds "11"]
[EventCountry "DEN"]
[SourceDate "2004.01.01"]

1. e4 e6 2. d4 d5 3. e5 c5 4. c3 Nc6 5. Nf3 Qb6 6. Bd3 Bd7 7. dxc5 Bxc5 8. O-O
f6 9. b4 Be7 10. Bf4 g5 11. Bg3 O-O-O 12. a4 f5 13. a5 Qc7 14. Na3 f4 15. Nb5
Qb8 16. Nxg5 Bxg5 17. Nd6+ Kc7 18. Qh5 Nxe5 19. Qxg5 Nxd3 20. Nf7 Rf8 21. Bxf4+
Nxf4 22. Qxf4+ Kc8 23. Nd6+ Kc7 24. Nb5+ Kc6 25. Nd4# 1-0

[Event "22. Copenhagen Open  (Politiken Cup)"]
[Site "Copenhagen"]
[Date "2000.07.18"]
[Round "2"]
[White "Hector, Jonny"]
[Black "Jessen, Simon Pind"]
[Result "1-0"]
[WhiteElo "2509"]
[BlackElo "2126"]
[PlyCount "85"]
[EventDate "2000.07.17"]
[EventType "swiss"]
[EventRounds "11"]
[EventCountry "DEN"]
[SourceDate "2004.01.01"]

1. Nc3 d5 2. e4 Nf6 3. e5 Ne4 4. Qf3 Nxc3 5. dxc3 g6 6. Bd3 Bg7 7. Qg3 c5 8.
Nf3 Nc6 9. O-O c4 10. Be2 Bf5 11. Bd1 O-O 12. Bf4 Qb6 13. b3 Rad8 14. Re1 d4
15. Nd2 Be6 16. Be2 Na5 17. b4 Nc6 18. Nxc4 Bxc4 19. Bxc4 dxc3 20. a3 Qd4 21.
Bd3 a6 22. Re4 Qd5 23. Rae1 Nd4 24. Qh3 Qa2 25. Bc1 Rd5 26. Qh4 Rfd8 27. Qxe7
R5d7 28. Rxd4 Rxd4 29. Qxb7 Qe6 30. f4 a5 31. Be3 R4d7 32. Qb5 axb4 33. axb4
Bf8 34. h3 Qd5 35. Qa5 Qxa5 36. bxa5 Rxd3 37. cxd3 Rxd3 38. Kf2 c2 39. a6 Ra3
40. a7 Ra2 41. Rc1 Kg7 42. Kf3 f5 43. Rxc2 1-0

[Event "22. Copenhagen Open  (Politiken Cup)"]
[Site "Copenhagen"]
[Date "2000.07.18"]
[Round "2"]
[White "Helin, Mikael"]
[Black "Bekker Jensen, David"]
[Result "0-1"]
[WhiteElo "2066"]
[BlackElo "2320"]
[PlyCount "60"]
[EventDate "2000.07.17"]
[EventType "swiss"]
[EventRounds "11"]
[EventCountry "DEN"]
[SourceDate "2004.01.01"]

1. e4 c5 2. c4 Nc6 3. Nc3 g6 4. d3 Bg7 5. g3 Nf6 6. Bg2 O-O 7. h3 a6 8. Nge2
Rb8 9. a4 d6 10. O-O Ne8 11. g4 Nc7 12. f4 b5 13. axb5 axb5 14. Ng3 bxc4 15. f5
cxd3 16. Qxd3 Ba6 17. Qd1 Bxf1 18. Bxf1 Nd4 19. g5 Nb3 20. Ra7 Nxc1 21. Rxc7
Qxc7 22. Nd5 Qd8 23. Qf3 Bd4+ 24. Kh1 e6 25. f6 exd5 26. Qf4 dxe4 27. Qh4 h6
28. Nxe4 h5 29. Ng3 Qe8 30. Nf5 gxf5 0-1

[Event "22. Copenhagen Open  (Politiken Cup)"]
[Site "Copenhagen"]
[Date "2000.07.18"]
[Round "2"]
[White "Henrichsen, Jens"]
[Black "Keeling, Karen"]
[Result "1/2-1/2"]
[WhiteElo "2046"]
[BlackElo "1680"]
[PlyCount "119"]
[EventDate "2000.07.17"]
[EventType "swiss"]
[EventRounds "11"]
[EventCountry "DEN"]
[SourceDate "2004.01.01"]

1. d4 Nf6 2. c4 e6 3. Nf3 Bb4+ 4. Bd2 Bxd2+ 5. Qxd2 O-O 6. Nc3 d5 7. e3 b6 8.
Rc1 Bb7 9. cxd5 Nxd5 10. Bd3 Nd7 11. Ne4 f5 12. Nc3 c5 13. Bc4 Qe7 14. dxc5
Nxc3 15. Qxc3 Nxc5 16. b4 Na6 17. a3 Kh8 18. Qe5 Rac8 19. O-O Nc7 20. Nd4 Bd5
21. Bxd5 Nxd5 22. Qxe6 Qxe6 23. Nxe6 Rfe8 24. Nd4 g6 25. Nc6 a6 26. Rfd1 Nf6
27. h3 Kg7 28. Rc2 Rc7 29. Rdc1 Rd7 30. g3 Kf7 31. Nd4 Nd5 32. Rc6 Ra8 33. Nf3
Re8 34. Rc8 Ree7 35. h4 Kg7 36. Ra8 Ra7 37. Rcc8 a5 38. bxa5 bxa5 39. Rg8+ Kf6
40. Rgf8+ Kg7 41. Nd4 Nb6 42. Rg8+ Kh6 43. Raf8 Rf7 44. Rxf7 Rxf7 45. Rb8 Nc4
46. a4 Rd7 47. Rb5 Ra7 48. Kg2 Ra6 49. Kf3 Nd2+ 50. Kf4 Ne4 51. g4 Nc3 52. g5+
Kg7 53. Rb7+ Kg8 54. Ke5 Nxa4 55. Rb8+ Kf7 56. Rb7+ Kg8 57. Rc7 Nb2 58. Rc8+
Kf7 59. Rc7+ Kg8 60. Rc8+ 1/2-1/2

[Event "22. Copenhagen Open  (Politiken Cup)"]
[Site "Copenhagen"]
[Date "2000.07.18"]
[Round "2"]
[White "Hoff, Terje"]
[Black "Hvenekilde, Jorgen"]
[Result "0-1"]
[WhiteElo "2051"]
[BlackElo "2260"]
[PlyCount "102"]
[EventDate "2000.07.17"]
[EventType "swiss"]
[EventRounds "11"]
[EventCountry "DEN"]
[SourceDate "2004.01.01"]

1. Nf3 Nf6 2. g3 d6 3. d3 Bg4 4. Bg2 Qc8 5. h3 Bd7 6. c3 Nc6 7. Nbd2 e5 8. e4
Be7 9. Nc4 O-O 10. Ne3 Re8 11. g4 Bf8 12. O-O h5 13. Nh2 hxg4 14. hxg4 g6 15.
f4 exf4 16. Rxf4 Nh7 17. Qf1 Nd8 18. Rf2 Bg7 19. Bd2 b5 20. Nd5 c6 21. Ne3 Rb8
22. Qe2 Be6 23. a4 bxa4 24. Nd1 Bb3 25. Bf4 Qd7 26. Ne3 Ne6 27. Bg3 Nc5 28. Nf3
Rb7 29. Nd2 d5 30. Raf1 dxe4 31. Nxe4 Nxd3 32. Nd6 Nxf2 33. Qxf2 Rbb8 34. Nxe8
Rxe8 35. Qf3 Ng5 36. Qf2 Ne4 37. Bxe4 Rxe4 38. Qf3 Qe6 39. Bf2 Bh6 40. Ng2 Rxg4
41. Bg3 Bd5 42. Qd3 Be3+ 43. Qxe3 Qxe3+ 44. Nxe3 Rxg3+ 45. Kf2 Rf3+ 46. Ke2
Rxf1 47. Kxf1 f5 48. Kf2 Kf7 49. Kg3 Kf6 50. Nc2 g5 51. Nd4 Ke5 0-1

[Event "22. Copenhagen Open  (Politiken Cup)"]
[Site "Copenhagen"]
[Date "2000.07.18"]
[Round "2"]
[White "Howe, Dennis"]
[Black "Trarup, Jorgen"]
[Result "1-0"]
[WhiteElo "2015"]
[BlackElo "1309"]
[PlyCount "139"]
[EventDate "2000.07.17"]
[EventType "swiss"]
[EventRounds "11"]
[EventCountry "DEN"]
[SourceDate "2004.01.01"]

1. e4 c5 2. Nf3 Nc6 3. d4 cxd4 4. Nxd4 e6 5. Nc3 a6 6. Bc4 Bb4 7. O-O Ne5 8.
Bb3 Bxc3 9. bxc3 Qh4 10. f3 Ne7 11. Ba3 O-O 12. g3 Qf6 13. f4 N5c6 14. Nxc6
Nxc6 15. Bxf8 Kxf8 16. Qd6+ Kg8 17. e5 Qd8 18. Rfd1 h5 19. Ba4 Qb6+ 20. Kh1 Qe3
21. Bxc6 bxc6 22. Qd3 Qf2 23. Rab1 h4 24. Rd2 Qa7 25. Kg2 hxg3 26. hxg3 Qc5 27.
Rh1 Qd5+ 28. Qxd5 cxd5 29. Rb1 Ra7 30. Kf2 Rc7 31. Rb3 Kh7 32. Rd1 Bb7 33. Rb6
a5 34. Ke2 a4 35. Rdb1 Bc6 36. Kd3 f5 37. Kd4 Ra7 38. Kc5 g5 39. Kd6 g4 40. Ke7
Kg7 41. Rxc6 dxc6+ 42. Kxe6 Kg6 43. Kd6 Ra6 44. e6 Kf6 45. Re1 c5+ 46. Kxd5 Ke7
47. Kxc5 Rd6 48. Re3 Rd2 49. Kb4 Rxc2 50. Kxa4 Rxa2+ 51. Kb5 Ra3 52. Kc5 Ra5+
53. Kd4 Ra4+ 54. c4 Ra6 55. c5 Ra4+ 56. Ke5 Ra5 57. Kxf5 Rxc5+ 58. Kxg4 Rc8 59.
f5 Rg8+ 60. Kf4 Ra8 61. g4 Rb8 62. g5 Rb4+ 63. Re4 Rb1 64. f6+ Ke8 65. Kf5 Rf1+
66. Kg6 Rf2 67. Rb4 Kd8 68. Kf7 Re2 69. Rd4+ Kc7 70. e7 1-0

[Event "22. Copenhagen Open  (Politiken Cup)"]
[Site "Copenhagen"]
[Date "2000.07.18"]
[Round "2"]
[White "Jensen, Michael Bremerskov"]
[Black "Kragh, Niels Kristian"]
[Result "1/2-1/2"]
[WhiteElo "1358"]
[BlackElo "1966"]
[PlyCount "118"]
[EventDate "2000.07.17"]
[EventType "swiss"]
[EventRounds "11"]
[EventCountry "DEN"]
[SourceDate "2004.01.01"]

1. d4 Nf6 2. c4 e6 3. Nc3 Bb4 4. Nf3 b6 5. g3 Bb7 6. Bg2 O-O 7. O-O c5 8. e3
cxd4 9. exd4 d5 10. cxd5 Nxd5 11. Qc2 Nd7 12. a3 Be7 13. Re1 N7f6 14. Bg5 Rc8
15. Qd3 h6 16. Be3 Nxc3 17. bxc3 Be4 18. Qd2 Bh7 19. Ne5 Ne4 20. Bxe4 Bxe4 21.
Bxh6 Ba8 22. Be3 Qd5 23. f3 f6 24. c4 Qb7 25. Ng6 Qxf3 26. Nxe7+ Kf7 27. Rf1
Qh1+ 28. Kf2 Qxh2+ 29. Ke1 Qxd2+ 30. Kxd2 Rxc4 31. Rfc1 Rxc1 32. Rxc1 Kxe7 33.
Rc7+ Kd6 34. Rxg7 a5 35. d5 Kxd5 36. Bxb6 a4 37. Ra7 Rb8 38. Rxa4 Rxb6 39. Rxa8
Rb3 40. g4 Ke4 41. a4 Rg3 42. Rg8 Ke5 43. a5 f5 44. a6 Ra3 45. gxf5 exf5 46.
Ra8 Ke4 47. a7 Ra2+ 48. Kc3 Kf3 49. Kb3 Ra1 50. Kb4 f4 51. Kb5 Kf2 52. Kb6 f3
53. Kb7 Kf1 54. Rf8 f2 55. a8=Q Rxa8 56. Kxa8 Kg2 57. Rg8+ Kf3 58. Rf8+ Kg2 59.
Rxf2+ Kxf2 1/2-1/2

[Event "22. Copenhagen Open  (Politiken Cup)"]
[Site "Copenhagen"]
[Date "2000.07.18"]
[Round "2"]
[White "Jorgensen, Brian"]
[Black "Laustsen, Lars"]
[Result "1-0"]
[WhiteElo "2227"]
[BlackElo "1974"]
[PlyCount "35"]
[EventDate "2000.07.17"]
[EventType "swiss"]
[EventRounds "11"]
[EventCountry "DEN"]
[SourceDate "2004.01.01"]

1. d4 d5 2. c4 dxc4 3. e4 Nc6 4. Nf3 Bg4 5. Bxc4 e6 6. Bb5 Nge7 7. Be3 Qd6 8.
O-O O-O-O 9. Nc3 Bxf3 10. Qxf3 Nxd4 11. Bxd4 Qxd4 12. Rad1 Qf6 13. Rxd8+ Kxd8
14. Rd1+ Kc8 15. Qd3 Kb8 16. e5 Qxe5 17. Qd8+ Nc8 18. Bd7 1-0

[Event "22. Copenhagen Open  (Politiken Cup)"]
[Site "Copenhagen"]
[Date "2000.07.18"]
[Round "2"]
[White "Jorgensen, Orla Eilegaard"]
[Black "Wiman, Kenneth"]
[Result "0-1"]
[WhiteElo "1297"]
[BlackElo "1895"]
[PlyCount "82"]
[EventDate "2000.07.17"]
[EventType "swiss"]
[EventRounds "11"]
[EventCountry "DEN"]
[SourceDate "2004.01.01"]

1. g3 Nf6 2. Bg2 e5 3. e4 Bc5 4. Nc3 Nc6 5. Nf3 d6 6. d3 h6 7. Na4 Bb6 8. Nxb6
axb6 9. O-O O-O 10. Re1 Be6 11. b3 Qd7 12. d4 Bg4 13. Bb2 Nxd4 14. Bxd4 exd4
15. Qxd4 Rfe8 16. a4 Ra5 17. Rad1 Qc8 18. Rd2 b5 19. axb5 Rxb5 20. Rde2 Nd7 21.
h3 Bh5 22. g4 Bg6 23. Nh4 Bh7 24. f4 g5 25. fxg5 hxg5 26. Nf3 Qd8 27. e5 dxe5
28. Nxe5 Nxe5 29. Qxd8 Rxd8 30. Rxe5 Rxe5 31. Rxe5 Bxc2 32. Rxg5+ Kf8 33. Rb5
b6 34. Bd5 Rd6 35. Bc4 c5 36. b4 Ba4 37. bxc5 Rd1+ 38. Kf2 Bxb5 39. Bxb5 bxc5
40. Ba4 Rd4 41. Bd1 Rxd1 0-1

[Event "22. Copenhagen Open  (Politiken Cup)"]
[Site "Copenhagen"]
[Date "2000.07.18"]
[Round "2"]
[White "Keeling, Geoff"]
[Black "Drejer, Hans Ulrik"]
[Result "1-0"]
[WhiteElo "2073"]
[BlackElo "1680"]
[PlyCount "59"]
[EventDate "2000.07.17"]
[EventType "swiss"]
[EventRounds "11"]
[EventCountry "DEN"]
[SourceDate "2004.01.01"]

1. e4 c6 2. c4 g6 3. Nc3 Bg7 4. Nf3 Qa5 5. Be2 Nf6 6. O-O d5 7. cxd5 cxd5 8.
exd5 O-O 9. Qb3 Na6 10. d4 Nc7 11. d6 exd6 12. Bf4 Be6 13. Bc4 Bxc4 14. Qxc4
Ne6 15. Bxd6 Rfd8 16. Be5 Ng4 17. Bxg7 Rac8 18. Qe2 Kxg7 19. Rfd1 Qf5 20. h3
Nf4 21. Qe4 Nxf2 22. Qxf5 gxf5 23. Kxf2 Re8 24. Rd2 Re6 25. Rad1 Rce8 26. d5
Re3 27. d6 b5 28. d7 R8e6 29. d8=Q a5 30. Qd4+ 1-0

[Event "22. Copenhagen Open  (Politiken Cup)"]
[Site "Copenhagen"]
[Date "2000.07.18"]
[Round "2"]
[White "Kristensen, Jonas Rune"]
[Black "Nedergaard, Klaus"]
[Result "1-0"]
[WhiteElo "1696"]
[BlackElo "1012"]
[PlyCount "109"]
[EventDate "2000.07.17"]
[EventType "swiss"]
[EventRounds "11"]
[EventCountry "DEN"]
[SourceDate "2004.01.01"]

1. d4 f5 2. Nf3 Nf6 3. g3 g6 4. Bg2 Bg7 5. O-O O-O 6. c4 d6 7. Nc3 c6 8. Qb3
Kh8 9. d5 e5 10. dxe6 Bxe6 11. Qxb7 Qb6 12. Qxb6 axb6 13. Nd4 Bxc4 14. Nxc6
Nxc6 15. Bxc6 Rac8 16. Bf3 d5 17. Be3 Rb8 18. Rfd1 Ne4 19. Bxe4 dxe4 20. Bd4
Bxd4 21. Rxd4 Bg8 22. Rad1 Be6 23. Rb4 b5 24. Kf1 Rfc8 25. Rd6 Bg8 26. a3 Rc4
27. Rxb5 Rxb5 28. Nxb5 Rc1+ 29. Kg2 Rc2 30. b4 Bc4 31. Nd4 Rd2 32. Nxf5 Rxe2
33. Rd8+ Bg8 34. Ne7 Kg7 35. Nxg8 e3 36. Kf3 Rxf2+ 37. Kxe3 Rxh2 38. b5 Rb2 39.
a4 Ra2 40. b6 Ra3+ 41. Kf2 Rxa4 42. b7 Rb4 43. b8=Q Rxb8 44. Rxb8 Kf7 45. Nh6+
Kg7 46. Ng4 h5 47. Rb7+ Kg8 48. Nf6+ Kf8 49. Nd5 Ke8 50. Re7+ Kf8 51. Kf3 Kg8
52. Kf4 g5+ 53. Kxg5 Kf8 54. Kg6 Kg8 55. Re8# 1-0

[Event "22. Copenhagen Open  (Politiken Cup)"]
[Site "Copenhagen"]
[Date "2000.07.18"]
[Round "2"]
[White "Laursen, Niels Norskov"]
[Black "Nilssen, John Arni"]
[Result "1-0"]
[WhiteElo "2079"]
[BlackElo "2354"]
[PlyCount "107"]
[EventDate "2000.07.17"]
[EventType "swiss"]
[EventRounds "11"]
[EventCountry "DEN"]
[SourceDate "2004.01.01"]

1. e4 c5 2. Nc3 Nc6 3. Nf3 g6 4. d4 cxd4 5. Nxd4 Bg7 6. Be3 Nf6 7. Bc4 Qa5 8.
O-O O-O 9. h3 Qb4 10. Bb3 Nxe4 11. Nd5 Qd6 12. Nb5 Qe5 13. Bf4 Qh5 14. Qxh5
gxh5 15. Rfe1 Nc5 16. Nbc7 Rb8 17. Nxe7+ Nxe7 18. Rxe7 b6 19. Ne8 Ra8 20. Nxg7
Kxg7 21. Bd5 Bb7 22. Bxb7 Nxb7 23. Rxd7 Nc5 24. Rd5 Ne6 25. Bg3 Rfc8 26. c3 Kg6
27. f4 Ng7 28. Rg5+ Kh6 29. Rd1 Rc6 30. Rd7 Rf6 31. Re5 Nf5 32. Bf2 h4 33. Rdd5
Kg6 34. Bxh4 Nxh4 35. Rg5+ Kh6 36. Rh5+ Kg7 37. Rxh4 Re8 38. Kf2 Rfe6 39. Rd2
Re4 40. g3 Re1 41. Rg4+ Kf8 42. Rg5 Rh1 43. Kg2 Ree1 44. h4 Reg1+ 45. Kf3 h6
46. Rgd5 Ra1 47. a3 Rae1 48. c4 Rhf1+ 49. Kg4 Rg1 50. R2d3 Rg2 51. a4 Reg1 52.
a5 bxa5 53. Rxa5 h5+ 54. Rxh5 1-0

[Event "22. Copenhagen Open  (Politiken Cup)"]
[Site "Copenhagen"]
[Date "2000.07.18"]
[Round "2"]
[White "Lilja, Richard"]
[Black "Eriksson, Johan"]
[Result "0-1"]
[WhiteElo "2080"]
[BlackElo "2369"]
[PlyCount "60"]
[EventDate "2000.07.17"]
[EventType "swiss"]
[EventRounds "11"]
[EventCountry "DEN"]
[SourceDate "2004.01.01"]

1. Nc3 c5 2. e4 Nc6 3. Bb5 g6 4. Bxc6 bxc6 5. f4 Bg7 6. Qf3 d6 7. Nge2 Nh6 8.
h3 Bd7 9. O-O O-O 10. f5 gxf5 11. d3 e5 12. Qh5 f4 13. g3 f5 14. gxf4 Qe8 15.
Qxe8 Raxe8 16. fxe5 Rxe5 17. Ng3 fxe4 18. Bf4 Rxf4 19. Rxf4 exd3 20. Nce4 dxc2
21. Rc1 Bxh3 22. Rxc2 d5 23. Nxc5 Rg5 24. Kh2 Be5 25. Rf3 Rh5 26. Kg1 Bd4+ 27.
Kh2 Ng4+ 28. Kh1 Bg2+ 29. Kxg2 Rh2+ 30. Kf1 Rxc2 0-1

[Event "22. Copenhagen Open  (Politiken Cup)"]
[Site "Copenhagen"]
[Date "2000.07.18"]
[Round "2"]
[White "Lund, Silas"]
[Black "Mashiri, Arthur"]
[Result "1-0"]
[WhiteElo "2261"]
[BlackElo "2045"]
[PlyCount "65"]
[EventDate "2000.07.17"]
[EventType "swiss"]
[EventRounds "11"]
[EventCountry "DEN"]
[SourceDate "2004.01.01"]

1. c4 Nf6 2. Nc3 e5 3. Nf3 Nc6 4. g3 b6 5. Bg2 Bb7 6. Nxe5 Nxe5 7. Bxb7 Rb8 8.
Bd5 c6 9. Bg2 Nxc4 10. O-O b5 11. e4 Nb6 12. e5 Nfd5 13. Nxd5 Nxd5 14. Bxd5
cxd5 15. d4 Qb6 16. f4 Be7 17. Be3 f5 18. exf6 Bxf6 19. Qh5+ Kd8 20. Qxd5 Re8
21. Bf2 Rc8 22. Rac1 Rc6 23. Rfe1 Rxe1+ 24. Rxe1 Rc2 25. Qe4 Qc6 26. d5 Qc4 27.
Qe8+ Kc7 28. d6+ Kc6 29. Qc8+ Kd5 30. Rd1+ Ke4 31. Qe8+ Kf5 32. Qxd7+ Qe6 33.
Rd5+ 1-0

[Event "22. Copenhagen Open  (Politiken Cup)"]
[Site "Copenhagen"]
[Date "2000.07.18"]
[Round "2"]
[White "Lonborg, Morten"]
[Black "De Firmian, Nick E"]
[Result "0-1"]
[WhiteElo "2166"]
[BlackElo "2567"]
[PlyCount "58"]
[EventDate "2000.07.17"]
[EventType "swiss"]
[EventRounds "11"]
[EventCountry "DEN"]
[SourceDate "2004.01.01"]

1. d4 Nf6 2. c4 e6 3. Nc3 Bb4 4. Qc2 O-O 5. a3 Bxc3+ 6. Qxc3 Ne4 7. Qc2 f5 8.
Nh3 d6 9. f3 Nf6 10. e3 e5 11. dxe5 dxe5 12. Nf2 c5 13. b4 Qe7 14. bxc5 Nfd7
15. Be2 Nxc5 16. O-O Be6 17. Bb2 Nbd7 18. Nd3 Nxd3 19. Bxd3 Rac8 20. Qe2 Nc5
21. Bc2 Qf7 22. Bxe5 Bxc4 23. Qf2 Bxf1 24. Rxf1 Qa2 25. Ra1 Qc4 26. Rb1 Nd3 27.
Qg3 Rf7 28. Bd1 Qa2 29. Ra1 Qd2 0-1

[Event "22. Copenhagen Open  (Politiken Cup)"]
[Site "Copenhagen"]
[Date "2000.07.18"]
[Round "2"]
[White "Madhy, Nezar"]
[Black "Schmied, Andreas"]
[Result "0-1"]
[WhiteElo "1682"]
[BlackElo "2155"]
[PlyCount "72"]
[EventDate "2000.07.17"]
[EventType "swiss"]
[EventRounds "11"]
[EventCountry "DEN"]
[SourceDate "2004.01.01"]

1. d4 Nf6 2. c4 g6 3. g3 Bg7 4. Bg2 O-O 5. Nf3 d6 6. O-O Nc6 7. Nc3 Rb8 8. e4
Bg4 9. Be3 a6 10. Qd2 Re8 11. Ne1 e5 12. d5 Nd4 13. f3 Bc8 14. Bxd4 exd4 15.
Ne2 c5 16. dxc6 bxc6 17. Nxd4 Qb6 18. Nec2 d5 19. cxd5 cxd5 20. Qf2 Qxb2 21.
Rfb1 Qxb1+ 22. Rxb1 Rxb1+ 23. Ne1 dxe4 24. fxe4 Ng4 25. Qd2 Bxd4+ 26. Qxd4
Rxe1+ 27. Bf1 R8xe4 28. Qc3 Re8 29. h3 Nh2 30. Kxh2 Rxf1 31. g4 Rf2+ 32. Kg3
Rxa2 33. Kh4 h6 34. Qc6 Rae2 35. Qc1 R2e3 36. Qf1 Bb7 0-1

[Event "22. Copenhagen Open  (Politiken Cup)"]
[Site "Copenhagen"]
[Date "2000.07.18"]
[Round "2"]
[White "Malvild, Robert"]
[Black "Jensen, Dan Bronnum"]
[Result "1-0"]
[WhiteElo "2029"]
[BlackElo "1438"]
[PlyCount "61"]
[EventDate "2000.07.17"]
[EventType "swiss"]
[EventRounds "11"]
[EventCountry "DEN"]
[SourceDate "2004.01.01"]

1. e4 c5 2. Nf3 Nc6 3. b4 Nxb4 4. c3 Nc6 5. d4 cxd4 6. cxd4 d5 7. exd5 Qxd5 8.
Nc3 Qa5 9. d5 Qxc3+ 10. Bd2 Qc5 11. dxc6 Qxc6 12. Rc1 Qe4+ 13. Be2 Nf6 14. O-O
Bd7 15. Ng5 Qa4 16. Bc4 e6 17. Bb3 Qg4 18. Qe1 h6 19. h3 Qf5 20. Nf3 Bd6 21.
Qd1 Nd5 22. Re1 O-O 23. Be3 b6 24. Bc2 Qf6 25. Qd3 Rfd8 26. Qh7+ Kf8 27. Bd4
Qf4 28. Bxg7+ Ke8 29. Bxh6 Nf6 30. Bxf4 Nxh7 31. Bxd6 1-0

[Event "22. Copenhagen Open  (Politiken Cup)"]
[Site "Copenhagen"]
[Date "2000.07.18"]
[Round "2"]
[White "Mikhalevski, Victor"]
[Black "Christensen, Jan N"]
[Result "1-0"]
[WhiteElo "2532"]
[BlackElo "2139"]
[PlyCount "41"]
[EventDate "2000.07.17"]
[EventType "swiss"]
[EventRounds "11"]
[EventCountry "DEN"]
[SourceDate "2004.01.01"]

1. d4 Nf6 2. c4 c5 3. d5 b5 4. Bg5 d6 5. Nd2 Nbd7 6. e4 g6 7. Ngf3 Bg7 8. Qc2
O-O 9. cxb5 a6 10. a4 axb5 11. Bxb5 Ba6 12. Bxa6 Rxa6 13. O-O Ng4 14. Rab1 Nb6
15. b3 Qd7 16. Nc4 Nxc4 17. Qxc4 Rb6 18. Qc2 Qb7 19. Nd2 Rb4 20. Nc4 Rb8 21.
Na5 1-0

[Event "22. Copenhagen Open  (Politiken Cup)"]
[Site "Copenhagen"]
[Date "2000.07.18"]
[Round "2"]
[White "Mittelmann, Gur"]
[Black "Christensen, Stefan"]
[Result "1-0"]
[WhiteElo "2419"]
[BlackElo "2176"]
[PlyCount "49"]
[EventDate "2000.07.17"]
[EventType "swiss"]
[EventRounds "11"]
[EventCountry "DEN"]
[SourceDate "2004.01.01"]

1. d4 Nf6 2. Nf3 e6 3. c4 b6 4. Nc3 Bb4 5. Qb3 a5 6. Bg5 Bb7 7. e3 h6 8. Bh4 g5
9. Bg3 Ne4 10. Bd3 Bxc3+ 11. bxc3 d6 12. Qc2 f5 {[#]} 13. d5 exd5 14. cxd5 Bxd5
15. Nd4 Qf6 16. Nxf5 Qxf5 17. f3 Bb7 18. fxe4 Qc5 19. e5 Qxe3+ 20. Kd1 O-O 21.
Re1 Qc5 22. exd6 Nd7 23. Re7 Nf6 24. Bc4+ Kh8 25. Qg6 1-0

[Event "22. Copenhagen Open  (Politiken Cup)"]
[Site "Copenhagen"]
[Date "2000.07.18"]
[Round "2"]
[White "Mortensen, Erling"]
[Black "Ronsted, Torben"]
[Result "1-0"]
[WhiteElo "2438"]
[BlackElo "2114"]
[PlyCount "31"]
[EventDate "2000.07.17"]
[EventType "swiss"]
[EventRounds "11"]
[EventCountry "DEN"]
[SourceDate "2004.01.01"]

1. e4 c6 2. d4 d5 3. e5 Bf5 4. Nf3 e6 5. Be2 c5 6. Be3 Nc6 7. dxc5 Qa5+ 8. c3
Qc7 9. Qa4 Nge7 10. Na3 Ng6 11. Nb5 Qd7 12. O-O-O a6 13. Nd6+ Bxd6 14. exd6 O-O
15. Nd4 Nxd4 16. Qxd7 1-0